000 00441pab a2200169 454500
008 180718b2010 xxu||||| |||| 00| 0 eng d
100 _aFotel, Trine
245 _aMeta-governance of regional governance networks in Nordic countries
260 _c2010
300 _ap.557-576.
362 _aNov
650 _aLocal government
700 _aHanssen, Gro Sandkjaer
773 _aLocal Government Studies
908 _aN
909 _a89804
999 _c89804
_d89804